000 01121cam a2200325 i 4500
999 _c7607
_d7607
003 OSt
005 20200316165951.0
008 121023s2012 sz a b 001 0 eng d
020 _a9783034608091
082 0 4 _a711.4
_bKNO
100 1 _aKnox, Paul L.
245 1 0 _aPalimpsests :
_bbiographies of 50 city districts : international case studies of urban change /
_cPaul L. Knox.
246 3 0 _aBiographies of 50 city districts
246 3 0 _aInternational case studies of urban change
260 _aBasel, Switzerland :
_bBirkhäuser,
_c©2012.
300 _a279 pages :
_bcolor illustrations ;
_c28 cm
504 _aIncludes bibliographical references and index.
650 0 _aSociology, Urban
_zEurope.
650 0 _aSociology, Urban
_zNorth America.
650 0 _aCities and towns
_zEurope.
650 0 _aCities and towns
_zNorth America.
650 0 _aUrbanization
_zEurope.
650 0 _aUrbanization
_zNorth America.
650 7 _aCities and towns.
_2fast
650 7 _aSociology, Urban.
_2fast
650 7 _aUrbanization.
_2fast
651 7 _aEurope.
_2fast
651 7 _aNorth America.
_2fast
942 _2ddc